Biggest Cities in Nevada on a Map - Statistics

General Stats
  • This quiz has been taken 361 times
  • The average score is 7 of 10
Answers on the Map
Answers color-coded by a green-red scale on the quiz's map according to % correct below.
 
Answer Stats
Population City % Correct
644,644 Las Vegas
100%
250,998 Reno
97%
55,414 Carson City
94%
245,949 North Las Vegas
88%
310,390 Henderson
87%
104,246 Sparks
70%
18,297 Elko
67%
15,023 Boulder City
48%
15,276 Mesquite
43%
19,368 Fernley
33%
No matching quizzes found
Score Distribution
Percent of People with Each Score
Percentile by Number Answered
Your Score History
You have not taken this quiz